000 01127nam a2200289 a 4500
001 000112864
003 CHAP
005 20220329144325.0
008 170123s2016 mx sm |||||||spa d
010 _a109325
011 _a110297
040 _cCHAP
090 _aTesis
100 1 _aSoto Espinoza, Yschel
_9108868
245 1 0 _aDiseño curricular basado en competencias para la modalidad abierta y a distancia:
_h[En línea]
_bcreación de la maestría en seguridad alimentaria /
_cpor Yschel Soto Espinoza.
260 _aChapingo, Méx. :
_bEl autor,
_c2016.
500 _aPara ver el contenido del material haga clic en la liga
502 _aTesis (Ph. D. en Ciencias en Educación Agrícola Superior) -- UACH. Departamento de Sociología Rural
590 _aE5765TAJ
_b05
_c20170123
_lUCH01
_h1149
590 _aE5765TAJ
_b05
_c20170123
_lUCH01
_h1150
650 1 4 _aSeguridad alimentaria
_xEstudios superiores.
_9131365
650 1 4 _aSeguridad alimentaria
_xPlanes de estudio.
_9131366
856 _aFinding aid
_uhttp://10.13.5.2/tesis/sist112864.pdf
_zTeclea aquí
901 _aBK
942 _cTESIS
942 _n0
999 _c109325
_d109325